Statistiques concernant Capitale par pays #3

Cliquez ici pour prendre le quiz!

Statistiques générales

  • Ce quiz a été pris 251 fois
  • Le résultat moyen est 6 sur 10

Statistiques - réponses

HintRéponse% Correct
PologneVarsovie
89%
VenezuelaCaracas
75%
CongoBrazzaville
72%
MongolieOulan-Bator
72%
LiechtensteinVaduz
67%
GabonLibreville
53%
Sierra leoneFreetown
48%
Trinité-et-TobagoPort-d'Espagne
40%
Îles MarshallMajuro
36%
GrenadeSaint-Georges
33%

Distribution des résultats

Percentile par nombre de réponses

% des personnes avec chaque résultat

Votre développement - résultats

Vous n’avez pas pris ce quiz